Divadelné letopisy mesta Cassa, Caschau, Kassa, Košice v súvislostiach dejín

Titel: Divadelné letopisy mesta Cassa, Caschau, Kassa, Košice v súvislostiach dejín : 1557 - 1945 /
Verfasser:
Veröffentlicht: Košice : Equilibria, 2013
Umfang: 872 S. : Ill.
Format: Buch
Sprache: Slowakisch
Schlagworte:
ISBN: 9788081430855
Buchumschlag
X
Lokale Klassifikation: 24 8 K 21 ; 24 15 K
alg: 33413804
001A    $03004:28-11-13 
001B    $03025:17-04-26 $t14:53:51.000 
001C    $03004:28-11-13 $t09:12:16.000 
001D    $03004:10-01-14 
001U    $0utf8 
001X    $00 
002@    $0Aau 
003@    $0334138043 
004A    $A978-80-8143-085-5 
007A    $0334138043 $aHEB 
010@    $aslo 
011@    $a2013 
013H    $0z 
021A    $aDivadelné letopisy mesta Cassa, Caschau, Kassa, Košice v súvislostiach dejín $d1557 - 1945 / 
028A    $714043237X $8Ferko, Tibor$Z1932- [Tp3] $9220398216 
033A    $pKošice $nEquilibria 
034D    $a872 S. 
034M    $aIll. 
044K    $RKassa $#Kaschau Košice $#Koshice $#Cassovia Košice $71028389-4 $8Košice [Tg1] $9042044669 
045F    $a791.4094373 $eDDC23BSB 
045F/01 $a791.409 
045F/03 $g4373 
045G    $a307.0943730903 $eDDC23BSB 
045G/01 $a307.09 
045G/03 $f0903 
045G/03 $f0904 
045G/03 $g4373 
045R    $aGeschichte 1557-1945 
046M    $aLiteraturverz. S. 803 - 808 

lok: 33413804 24
101B    $010-01-14 $t11:54:49.000 
101C    $010-01-14 
101U    $0utf8 
145Z/01 $a24 8 K 21 
145Z/02 $a24 15 K 

exp: 33413804 24 1 #EPN
201B/01 $010-01-14 $t11:54:49.000 
201C/01 $028-11-13 
201U/01 $0utf8 
203@/01 $0723726140 
208@/01 $a10-01-14 $bz 
209A/01 $a13.10271 $du $f050 $h13 10271 $x00 
209C/01 $a13.10271 K $h13 10271 K 
209G/01 $a73044049 $x00 
220C/01 $akon 
247C/01 $8358050-7 Marburg, Bibliothek des Herder-Instituts Marburg $9102600961 

lok: 33413804 78

exp: 33413804 78 1 #EPN
201B/01 $017-04-26 $t14:53:51.000 
201C/01 $024-08-22 
201U/01 $0utf8 
203@/01 $01212894944 
208@/01 $a24-08-22 $be 
209A/01 $a/ $f000 $x00 
209A/01 $ab*p $x01 
220C/01 $aeja 
244Z/01 $#Tschechoslowakei $#Tschechoslowakei $#Tschechoslowakei $#Tschechische und Slowakische Föderative Republik $#République Tchéco-Slovaque $#Tchécoslovaquie $#Československá Federativní Republika $#Česká a Slovenská Federativní Republika $#Czech and Slovak Federal Republic $#ČSFR $#ČSSR $#ČSR $#RČS $#Československo $#Československá Socialistická Republika $#Československá Republika $#Tschechoslowakische Sozialistische Republik $#Tschechoslowakische Republik $#Tschechoslowakische Föderative Republik $#Republika Československá $#Czechoslovakia $#Čechoslovakische Republik $#République Tchécho-Slovaque $#Tchéchoslovaquie $#Czechoslovak Socialist Republic $#Checoeslovaquia $#Cecoslovacchia $#Čechoslovakija $#République tchécoslovaque $74078435-6 $8--Tg1--Tschechoslowakei $x05 $9085222305 
244Z/01 $#Ungarn $#Ungarn $#Ungarische Räterepublik $#Königreich Ungarn $#Die @Länder der ungarischen Krone $#Transleithanien $#Magyarország $#Magyar Köztársaság $#Magyar Tanácsköztársaság $#Government of the Hungarian Republic $#Zemalja Ugarske Krune $#VNR $#Ungern $#Ungarische Republik $#Republik Ungarn $#Ungarische Volksrepublik $#Volksrepublik Ungarn $#Magyar Népköztársaság $#Hungary $#Hungarian Republic $#Hongrie $#Vengerskaja Narodnaja Respublika $#Hungarian People's Republic $#HPR Hungarian People's Republic $#République Populaire Hongroise $#Ungarische VR $#Republic of Hungary $#Vengrija $74078541-5 $8--Tgz--Ungarn $x08 $9085222712 
244Z/01 $#Slowakei $#Slowakei $#Slowakei $#Slowakische Republik (1938-1945) $#Slowakische Republik $#Oberungarn $#Slovensko $#Slovenská Republika $#Slovenská SR $#SSR $#Slovakia $#Slovaquie $#Slovak Republic $#République Slovaque $#Slovenská Socialistická Republika $#Slowakische Sozialistische Republik $#Slovak Socialist Republic $#République Socialiste Slovaque $74055297-4 $8--Tg1--Slowakei $x12 $9085153834 
247C/01 $82080>Marburg/Lahn, Herder-Institut, Forschungsbibliothek, Bibliographieportal $9336309341
LEADER 00000cam a2200000 c 4500
001 334138043
003 DE-603
005 20260417145351.0
007 tu
008 131128s2013 xx |||| | u00||u|slo c
020 |a 9788081430855 
035 |a (DE-599)HEB334138043 
040 |a DE-603  |b ger  |c DE-603  |d DE-603 
041 |a slo 
082 0 4 |8 1\u  |a 791.4094373  |q DE-101  |2 23/BSB 
083 0 |8 2\u  |a 307.0943730903  |q DE-101  |2 23/BSB 
085 |8 1\u  |b 791.409 
085 |8 1\u  |z 2  |s 4373 
085 |8 2\u  |b 307.09 
085 |8 2\u  |z 1  |s 0903 
085 |8 2\u  |z 1  |s 0904 
085 |8 2\u  |z 2  |s 4373 
100 1 |a Ferko, Tibor  |d 1932-  |0 (DE-603)220398216  |0 (DE-588)14043237X  |2 gnd 
245 0 0 |a Divadelné letopisy mesta Cassa, Caschau, Kassa, Košice v súvislostiach dejín  |b 1557 - 1945 / 
264 1 |a Košice  |b Equilibria  |c 2013 
300 |a 872 S.  |b Ill. 
504 |a Literaturverz. S. 803 - 808 
648 7 |a Geschichte 1557-1945  |2 gnd 
651 7 |a Košice  |0 (DE-588)1028389-4  |0 (DE-603)042044669  |2 gnd 
924 0 |9 Mb 50  |a (DE-603)723726140  |b DE-Mb50  |c HES  |d c  |g 13.10271 
924 0 |9 2080  |a (DE-603)1212894944  |b DE-2080  |c HES  |d d  |g /